• 首页
  • 本馆介绍
  • 公告通知
  • 最新文献
  • 馆藏检索
  • 电子资源
  • 读者导购
  • 参考咨询
  • 我的图书馆
  • 登录
  • 详细信息显示
  • 放入我的书架
  • 预约/预借图书
  • 作者相关作品
  • 分类相关作品
  • 丛书相关作品
  • 出版社相关作品

书目信息

  • 表格格式
  • 工作单格式
  • 卡片格式
题名:
世界政要饮食秘闻
    
 
作者: 魏春东 著
分册:  
出版信息: 北京   中国书籍出版社  2015
页数: 234页
开本: 24cm
丛书名:
单 册:
中图分类: K817=5
科图分类:
主题词: 政治家--生平事迹--世界--现代 , 饮食--文化--世界
电子资源:
ISBN: 978-7-5068-5127-5
000 00961nam0 2200241 450
001 012001002935
005 20140926114740.0
010    @a978-7-5068-5127-5@dCNY38.00
100    @a20171018e20172015em y0chiy50 ea
101 0  @achi
102    @aCN@b110000
105    @aa z 000yd
106    @ar
200 1  @a世界政要饮食秘闻@9shi jie zheng yao yin shi bi wen@f魏春东著
210    @a北京@c中国书籍出版社@d2015@h2017重印
215    @a234页@c图@d24cm
330    @a本书图文并茂地揭示了世界各国政要鲜为人知的饮食生活,包括许多政要饮酒、碰杯及吸烟的珍贵镜头。从这些政要饮食秘闻中,可以窥视那个国家当时的政治经济,民俗民心,甚至对战争胜负的影响,以及政要饮食与其性格,决策及人生走向的内在联系。此外,本书还介绍了海外食风,并对中西方饮食文化作了对比。
606 0  @a政治家@x生平事迹@y世界@z现代
606 0  @a饮食@x文化@y世界
690    @aK817=5@v5
701  0 @a魏春东@9wei chun dong@4著
801  0 @aCN@b上海新华@c20180901
905    @b1158837-41@dK817=5@e164@f5
    
    世界政要饮食秘闻/魏春东著.-北京:中国书籍出版社,2015(2017重印)
    234页:图;24cm
    
    
    ISBN 978-7-5068-5127-5:CNY38.00
    本书图文并茂地揭示了世界各国政要鲜为人知的饮食生活,包括许多政要饮酒、碰杯及吸烟的珍贵镜头。从这些政要饮食秘闻中,可以窥视那个国家当时的政治经济,民俗民心,甚至对战争胜负的影响,以及政要饮食与其性格,决策及人生走向的内在联系。此外,本书还介绍了海外食风,并对中西方饮食文化作了对比。
●
相关链接 在E读中查询图书 在五车中查询图书 在当当中查询图书 在豆瓣中查询图书


正题名:世界政要饮食秘闻     索取号:K817=5/164         预约/预借

序号 登录号 条形码 馆藏地/架位号 状态 备注
1 1158837   211588370   第二样本阅览室/ [索取号:K817=5/164] 在馆    
2 1158838   211588389   密集书库-史法系/ [索取号:K817=5/164] 在馆    
3 1158839   211588398   第二借阅区/ [索取号:K817=5/164] 在馆    
4 1158840   211588405   第二借阅区/ [索取号:K817=5/164] 在馆    
5 1158841   211588414   第二借阅区/ [索取号:K817=5/164] 在馆    
唐山师范学院图书馆 欢迎您!
大连网信软件有限公司© 版权所有